MARC details
| 000 -LEADER |
| campo de control de longitud fija |
02330nam a2200469 i 4500 |
| 003 - IDENTIFICADOR DE NÚMERO DE CONTROL |
| campo de control |
BO-EaUP |
| 005 - FECHA Y HORA DE LA ÚLTIMA TRANSACCIÓN |
| campo de control |
20260428171736.0 |
| 008 - DATOS DE LONGITUD FIJA--INFORMACIÓN GENERAL |
| campo de control de longitud fija |
260428t2022 ck ad r 001 0 spa d |
| 020 ## - NÚMERO INTERNACIONAL ESTÁNDAR DEL LIBRO |
| Número Internacional Estándar del Libro |
978-958-503-388-7 |
| 040 ## - FUENTE DE CATALOGACIÓN |
| Centro catalogador/agencia de origen |
BO-EaUP |
| Centro/agencia transcriptor |
Biblioteca admiempresas |
| Normas de descripción |
RDA |
| Lengua de catalogación |
spa |
| 041 1# - CÓDIGO DE IDIOMA |
| Código de lengua del texto/banda sonora o título independiente |
spa |
| Código de lengua original |
spa |
| 043 #2 - CÓDIGO DE ÁREA GEOGRÁFICA |
| Código de área geográfica |
n-sp |
| 082 04 - NÚMERO DE LA CLASIFICACIÓN DECIMAL DEWEY |
| Número de clasificación |
658.05 |
| Número de edición |
21 |
| 092 ## - ASIGNACIÓN LOCAL DE SIGNATURA TOPOGRÁFICA DEWEY (OCLC) |
| Número de clasificación |
658.05 |
| Signatura Librística |
M828t |
| 100 1# - ENTRADA PRINCIPAL--NOMBRE DE PERSONA |
| Nombre de persona |
Morales Castro, Arturo |
| Término indicativo de función/relación |
Autor |
| 9 (RLIN) |
29 |
| 245 ## - MENCIÓN DEL TÍTULO |
| Título |
Trasformación digital en las empresas : un enfoque desde la administración de la teoría a la práctica / / |
| Subtítulo |
Arturo Morales |
| 250 ## - MENCION DE EDICION |
| Mención de edición |
Primera edición |
| 260 ## - PUBLICACIÓN, DISTRIBUCIÓN, ETC. |
| Lugar de publicación, distribución, etc. |
Bogotá, Colombia: |
| Nombre del editor, distribuidor, etc. |
Ecoe Ediciones, |
| Fecha de publicación, distribución, etc. |
2022 |
| 264 ## - PRODUCCIÓN, PUBLICACIÓN, DISTRIBUCIÓN, FABRICACIÓN Y COPYRIGHT |
| Fecha de producción, publicación, distribución, fabricación o copyright |
. |
| 300 ## - DESCRIPCIÓN FÍSICA |
| Extensión |
xvii, 251 páginas ; |
| Otras características físicas |
ilustraciones (blanco y negro), figuras, tablas ; |
| Dimensiones |
17 x 24 centímetros.-- (Ciencias empresariales. Administración) ; |
| Tipo de unidad |
Rústico ; |
| Tamaño de la unidad |
Tamaño carta |
| 336 ## - TIPO DE CONTENIDO |
| Fuente |
rdacontent |
| Término de tipo de contenido |
texto |
| Código de tipo de contenido |
txt |
| 337 ## - TIPO DE MEDIO |
| Nombre/término del tipo de medio |
no mediado |
| Código del tipo de medio |
n |
| Fuente |
rdamedia |
| 338 ## - TIPO DE SOPORTE |
| Nombre/término del tipo de soporte |
volumen |
| Código del tipo de soporte |
nc |
| Fuente |
rdacarrier |
| 505 2# - NOTA DE CONTENIDO CON FORMATO |
| Nota de contenido con formato |
Capítulo 1. Administración y Tecnología.- |
| 505 2# - NOTA DE CONTENIDO CON FORMATO |
| Nota de contenido con formato |
Capítulo 2. La Administración con Microsoft Office 365.- |
| 505 2# - NOTA DE CONTENIDO CON FORMATO |
| Nota de contenido con formato |
Capítulo 3. Administración de Proyectos Digitales.- |
| 505 2# - NOTA DE CONTENIDO CON FORMATO |
| Nota de contenido con formato |
Capítulo 4. La Planeación.- |
| 505 2# - NOTA DE CONTENIDO CON FORMATO |
| Nota de contenido con formato |
Capítulo 5. La Organización.- |
| 505 2# - NOTA DE CONTENIDO CON FORMATO |
| Nota de contenido con formato |
Capítulo 6. La Dirección.- |
| 505 2# - NOTA DE CONTENIDO CON FORMATO |
| Nota de contenido con formato |
Capítulo 7. El control.- |
| 505 2# - NOTA DE CONTENIDO CON FORMATO |
| Nota de contenido con formato |
Capítulo 8. La Empresa y sus Áreas funcionales.- |
| 505 2# - NOTA DE CONTENIDO CON FORMATO |
| Nota de contenido con formato |
Capítulo 9. administración Ágil de la Tecnología.- |
| 505 2# - NOTA DE CONTENIDO CON FORMATO |
| Nota de contenido con formato |
Capítulo 10. La empresa y el control digital.- |
| 520 ## - RESUMEN, ETC. |
| Sumario, etc. |
Este libro es un referente muy novedoso al combinar la administración estratégica en cada una de sus etapas administrativas con el uso de programas tecnológicos informáticos como Microsoft Office, con toda su vasta cadena de herramientas, muchas de ellas poco utilizadas, pero donde los autores remarcan cómo se pueden utilizar en cada etapa administrativa, e incluso por áreas funcionales: producción, mercadotecnia, finanzas, recursos humanos. |
| 650 14 - PUNTO DE ACCESO ADICIONAL DE MATERIA--TÉRMINO DE MATERIA |
| Término de materia o nombre geográfico como elemento de entrada |
ADMINISTRACIÓN DE EMPRESAS |
| 9 (RLIN) |
1951 |
| Subdivisión de forma |
procesamiento de datos |
| 650 14 - PUNTO DE ACCESO ADICIONAL DE MATERIA--TÉRMINO DE MATERIA |
| Término de materia o nombre geográfico como elemento de entrada |
INNOVACIÓN TECNOLÓGICA |
| 9 (RLIN) |
113 |
| 653 ## - TÉRMINO DE INDIZACIÓN--NO CONTROLADO |
| Término no controlado |
MICRSOFT OFFICE |
| 653 ## - TÉRMINO DE INDIZACIÓN--NO CONTROLADO |
| Término no controlado |
PROGRAMAS PARA COMPUTADOR |
| 653 ## - TÉRMINO DE INDIZACIÓN--NO CONTROLADO |
| Término no controlado |
PROCESAMIENTO DE DATOS |
| 653 ## - TÉRMINO DE INDIZACIÓN--NO CONTROLADO |
| Término no controlado |
CIENCIAS EMPRESARIALES |
| 942 ## - ELEMENTOS DE ENTRADA SECUNDARIOS (KOHA) |
| Fuente del sistema de clasificación o colocación |
Clasificación Decimal Dewey |
| Tipo de ítem Koha |
Libros |
| Suprimir en OPAC |
No |
| Edición |
21 |